[Event "24th ch-EUR Indiv 2024"]
[Site "Petrovac MNE"]
[Date "2024.11.08"]
[Round "1.115"]
[White "Doraszelski, Alexander"]
[Black "Girel, Joseph"]
[Result "0-1"]
[BlackTitle "GM"]
[WhiteElo "2156"]
[BlackElo "2486"]
[WhiteFideId "12996149"]
[BlackFideId "36033561"]
[EventDate "2024.11.08"]

1. e4 e6 2. d4 d5 3. Nc3 Nf6 4. e5 Nfd7 5. Nce2 c5 6. c3 Nc6 7. Nf3 Qb6 8. a3 f6
9. exf6 Nxf6 10. g3 cxd4 11. cxd4 Be7 12. Bg2 O-O 13. O-O Ne4 14. Qd3 Bd7 15.
Be3 Na5 16. Ne5 Bb5 17. Qd1 Nc4 18. Nxc4 Bxc4 19. Re1 Qxb2 20. Nf4 Qb6 21. Qg4
Rf6 22. h4 Qc6 23. Bh3 Raf8 24. h5 R8f7 25. Nxe6 Rxf2 26. Bg5 R2f3 27. Bf4 Rc3
28. h6 g6 29. Nc7 Bf8 30. Qe6 Nxg3 31. Qxc6 bxc6 32. Be6 Ne2+ 33. Rxe2 Bxe2 34.
Be5 Bxh6 35. Re1 Rc1 36. Rxc1 Bxc1 37. Ne8 Kf8 38. Nf6 Rxf6 0-1

[Event "24th ch-EUR Indiv 2024"]
[Site "Petrovac MNE"]
[Date "2024.11.08"]
[Round "1.116"]
[White "Stefansson, Hannes"]
[Black "Marie, Maxime"]
[Result "1-0"]
[WhiteTitle "GM"]
[BlackTitle "CM"]
[WhiteElo "2485"]
[BlackElo "2154"]
[WhiteFideId "2300087"]
[BlackFideId "625590"]
[EventDate "2024.11.08"]

1. e4 c6 2. d4 d5 3. e5 c5 4. dxc5 e6 5. Bd3 Nd7 6. Nf3 Bxc5 7. O-O Ne7 8. Re1
Ng6 9. a3 O-O 10. b4 Bb6 11. Bb2 Nf4 12. Nc3 f6 13. exf6 Nxf6 14. Na4 Bc7 15.
Be5 Ng4 16. Bxc7 Qxc7 17. h3 Nxf2 18. Kxf2 Nxh3+ 19. gxh3 Qh2+ 20. Ke3 Qf4+ 21.
Ke2 d4 22. Bxh7+ Kxh7 23. Qd3+ Kg8 24. Rg1 e5 25. Qb3+ Kh8 26. Raf1 Bd7 27. Kd1
e4 28. Nc5 Bb5 29. Ne6 Be2+ 30. Kxe2 exf3+ 31. Kd1 Qe4 32. Nxf8 1-0

[Event "24th ch-EUR Indiv 2024"]
[Site "Petrovac MNE"]
[Date "2024.11.08"]
[Round "1.117"]
[White "Ergazakis, Ioannis"]
[Black "Rozen, Eytan"]
[Result "0-1"]
[WhiteTitle "FM"]
[BlackTitle "IM"]
[WhiteElo "2150"]
[BlackElo "2482"]
[WhiteFideId "4290976"]
[BlackFideId "2816750"]
[EventDate "2024.11.08"]

1. e4 c5 2. Nf3 d6 3. d4 Nf6 4. Nc3 cxd4 5. Nxd4 a6 6. Be3 Ng4 7. Bc1 Nc6 8.
Nxc6 bxc6 9. Be2 Nf6 10. O-O e5 11. f4 Be7 12. Kh1 Rb8 13. b3 O-O 14. Qe1 Kh8
15. Qg3 Qc7 16. fxe5 dxe5 17. Bc4 a5 18. Bb2 Nh5 19. Qf3 Nf4 20. Rad1 Be6 21.
Bxe6 Nxe6 22. Na4 f6 23. Qg4 Qc8 24. Bc1 Nc5 25. Qxc8 Rfxc8 26. Nxc5 Bxc5 27.
Rd7 a4 28. g4 h6 29. h4 axb3 30. axb3 Rd8 31. Rc7 Rd6 32. g5 hxg5 33. hxg5 fxg5
34. Bxg5 Rg6 35. Rf5 Ra8 36. Kh2 Ra2 37. Kh3 Rxc2 38. Rxe5 Bd6 39. Rc8+ Kh7 40.
Rf5 Rh2+ 41. Kg4 Rg2+ 42. Kh5 Rh2+ 43. Kg4 Be7 0-1

[Event "24th ch-EUR Indiv 2024"]
[Site "Petrovac MNE"]
[Date "2024.11.08"]
[Round "1.118"]
[White "Zwirs, Nico"]
[Black "Goroshchenko, Dmitry"]
[Result "1-0"]
[WhiteTitle "IM"]
[WhiteElo "2480"]
[BlackElo "2141"]
[WhiteFideId "1036432"]
[BlackFideId "14115336"]
[EventDate "2024.11.08"]

1. e4 d6 2. d4 Nf6 3. Nc3 g6 4. f4 Bg7 5. Nf3 O-O 6. Bd3 Na6 7. O-O c5 8. d5 Bg4
9. h3 Bxf3 10. Rxf3 Nc7 11. a4 a6 12. Qe1 b6 13. Be3 b5 14. b3 Qb8 15. Bf2 Nd7
16. Rd1 bxa4 17. Nxa4 Nb5 18. Be3 Nb6 19. Nxb6 Qxb6 20. h4 Nc3 21. Rd2 Qb4 22.
Rdf2 Nb5 23. Bd2 Bc3 24. Bxc3 Qxc3 25. Qf1 Qd4 26. h5 Nc3 27. Qe1 c4 28. Bxc4
Nxe4 29. c3 Nxc3 30. Qxc3 Qxc3 31. Rxc3 Rfc8 32. Re3 Kf8 33. Rfe2 Rc7 34. h6
Raa7 35. Ra2 a5 36. Bb5 Rc5 37. Bc6 Rc1+ 38. Kh2 Rb1 39. Rc3 e6 40. Re2 Rd1 41.
dxe6 fxe6 42. Rxe6 Re7 43. Rxe7 Kxe7 44. Bf3 1-0

[Event "24th ch-EUR Indiv 2024"]
[Site "Petrovac MNE"]
[Date "2024.11.08"]
[Round "1.119"]
[White "Arakelyan, Manvel"]
[Black "Deuer, Marius"]
[Result "0-1"]
[WhiteTitle "CM"]
[BlackTitle "IM"]
[WhiteElo "2140"]
[BlackElo "2479"]
[WhiteFideId "13317415"]
[BlackFideId "16236432"]
[EventDate "2024.11.08"]

1. e4 c6 2. d4 d5 3. Nc3 dxe4 4. Nxe4 Nf6 5. Nxf6+ exf6 6. c3 Bd6 7. Bd3 O-O 8.
Qc2 Re8+ 9. Ne2 h5 10. O-O h4 11. Bf4 Na6 12. h3 Nc7 13. Qd2 Ne6 14. Bxd6 Qxd6
15. Rfe1 Bd7 16. Bc2 Re7 17. Nc1 Rae8 18. Nb3 Qd5 19. Re4 Ng5 20. Rxe7 Rxe7 21.
Qf4 Re8 22. Qxh4 Bxh3 23. Qg3 Bxg2 24. Nd2 Nf3+ 25. Nxf3 Bxf3 26. Qh4 g6 27. Bb3
Qf5 28. Bxf7+ Kxf7 29. Qh7+ Ke6 30. Re1+ Kd6 31. Qh2+ Kd5 0-1

[Event "24th ch-EUR Indiv 2024"]
[Site "Petrovac MNE"]
[Date "2024.11.08"]
[Round "1.120"]
[White "Kucuksari, Kaan"]
[Black "Stoinev, Metodi"]
[Result "1-0"]
[WhiteTitle "IM"]
[WhiteElo "2473"]
[BlackElo "2138"]
[WhiteFideId "6380166"]
[BlackFideId "2901404"]
[EventDate "2024.11.08"]

1. d4 d5 2. Nf3 Nf6 3. e3 e6 4. Bd3 b6 5. b3 Bb7 6. O-O Nbd7 7. Bb2 a6 8. c4 Ne4
9. Nc3 Bd6 10. Qc2 f5 11. Ne2 O-O 12. Ne5 c5 13. Rad1 Rc8 14. Qb1 g6 15. Ba1 Re8
16. Nxd7 Qxd7 17. Bxe4 fxe4 18. dxc5 Rxc5 19. Qb2 e5 20. cxd5 Rec8 21. Rd2 Bxd5
22. Rfd1 Qf7 23. Nf4 1-0

[Event "24th ch-EUR Indiv 2024"]
[Site "Petrovac MNE"]
[Date "2024.11.08"]
[Round "1.121"]
[White "Horvat, Damjan"]
[Black "Feuerstack, Aljoscha"]
[Result "0-1"]
[BlackTitle "IM"]
[WhiteElo "2135"]
[BlackElo "2471"]
[WhiteFideId "14545535"]
[BlackFideId "4681932"]
[EventDate "2024.11.08"]

1. e4 c6 2. Nf3 d5 3. d3 g6 4. Nbd2 Nf6 5. g3 Bg7 6. Bg2 O-O 7. O-O a5 8. Re1
Na6 9. Qe2 Nb4 10. Qd1 dxe4 11. dxe4 Be6 12. a3 Na2 13. e5 Nd7 14. Ng5 Nxc1 15.
Nxe6 fxe6 16. f4 g5 17. Qg4 Nc5 18. Nf3 N1d3 19. cxd3 Nxd3 20. Re2 gxf4 21.
Qxe6+ Kh8 22. Rf1 fxg3 23. hxg3 Nc5 24. Qh3 Qd3 25. Ng5 h6 26. Ree1 Rxf1+ 27.
Bxf1 Qd4+ 28. Kh1 Rf8 29. Ne6 Qd5+ 30. Bg2 Qxe6 31. Qxe6 Nxe6 32. b4 a4 0-1

[Event "24th ch-EUR Indiv 2024"]
[Site "Petrovac MNE"]
[Date "2024.11.08"]
[Round "1.122"]
[White "Kjartansson, Gudmundur"]
[Black "Voiteanu, Gabriel"]
[Result "1-0"]
[WhiteTitle "GM"]
[BlackTitle "FM"]
[WhiteElo "2470"]
[BlackElo "2132"]
[WhiteFideId "2301318"]
[BlackFideId "1208810"]
[EventDate "2024.11.08"]

1. e4 e5 2. Nf3 Nf6 3. Nxe5 d6 4. Nf3 Nxe4 5. c4 Be7 6. Nc3 Nf6 7. d4 d5 8. cxd5
Nxd5 9. Bc4 Nb6 10. Bb3 O-O 11. h3 Bf6 12. O-O Nc6 13. Be3 Na5 14. Bc2 Nac4 15.
Bc1 Nd6 16. Bf4 Nf5 17. Ne2 Be6 18. Re1 Nd5 19. Bh2 Nh4 20. Nd2 Bg5 21. Ne4 Bh6
22. N2c3 Nxc3 23. bxc3 Bd5 24. Qh5 f5 25. Nc5 Nxg2 26. Re5 Kh8 27. Rxd5 Qxd5 28.
Be4 Qc4 29. Bxg2 Qxc3 30. Rf1 f4 31. Bxb7 Rae8 32. Nd7 Qxd4 33. Nxf8 Rxf8 34.
Bf3 Qa4 35. Qc5 g6 36. a3 Rf5 37. Qc3+ Bg7 38. Qxc7 Qxa3 39. Bg4 Rf8 40. Bxf4
Qb2 41. Bd6 1-0

[Event "24th ch-EUR Indiv 2024"]
[Site "Petrovac MNE"]
[Date "2024.11.08"]
[Round "1.123"]
[White "Celenkovic, Bojan"]
[Black "Ilinca, Felix-Antonio"]
[Result "0-1"]
[BlackTitle "IM"]
[WhiteElo "2125"]
[BlackElo "2470"]
[WhiteFideId "975508"]
[BlackFideId "54764998"]
[EventDate "2024.11.08"]

1. e4 c5 2. Nf3 Nc6 3. b4 cxb4 4. d4 d5 5. exd5 Qxd5 6. c4 bxc3 7. Nxc3 Qa5 8.
Bd2 e6 9. Bd3 Bb4 10. Qc2 Bxc3 11. Bxc3 Nb4 12. Qd2 Nxd3+ 13. Qxd3 Qd5 14. O-O
Bd7 15. Rfe1 f6 16. Bb4 Rc8 17. Nd2 a5 18. Ba3 Bc6 19. Qg3 Kf7 20. Ne4 Rd8 21.
Nd6+ Rxd6 22. Bxd6 Nh6 23. Bc5 Nf5 24. Qc7+ Kg6 25. f3 a4 26. Qf4 Rd8 27. Red1
h5 28. Bb6 Rd7 29. Qc1 Nh4 30. Qe3 Kf7 31. Qf2 g5 32. Re1 Nf5 33. Rad1 g4 34.
fxg4 hxg4 35. Rd2 Re7 36. Qf4 Kg8 37. Rde2 Rg7 38. a3 Nh4 39. Kf1 Nxg2 40. Qg3
Qf5+ 41. Rf2 Qb5+ 42. Kg1 Nxe1 43. Bc5 Nf3+ 0-1

[Event "24th ch-EUR Indiv 2024"]
[Site "Petrovac MNE"]
[Date "2024.11.08"]
[Round "1.124"]
[White "Olsen, Filip Boe"]
[Black "Dumbelovic, Novak"]
[Result "1-0"]
[WhiteTitle "IM"]
[WhiteElo "2470"]
[BlackElo "2123"]
[WhiteFideId "1440640"]
[BlackFideId "9204525"]
[EventDate "2024.11.08"]

1. d4 Nf6 2. c4 e6 3. Bf4 b6 4. a3 Bb7 5. Nc3 Be7 6. d5 d6 7. e4 O-O 8. Bd3 Nbd7
9. Nf3 a6 10. O-O e5 11. Be3 c6 12. b4 Rc8 13. dxc6 Bxc6 14. Nd2 Bb7 15. Rc1 Re8
16. Qe2 Nf8 17. Nd5 N6d7 18. Nb3 Ne6 19. g3 a5 20. Nxe7+ Rxe7 21. f3 Re8 22. Qf2
Ng5 23. Qd2 Ne6 24. Be2 a4 25. Na1 Nd4 26. Bxd4 exd4 27. Nc2 f5 28. exf5 d3 29.
Qxd3 Ne5 30. Qd4 Nc6 31. Qd2 Qf6 32. Rce1 Kh8 33. Ne3 Qd4 34. Qxd4 Nxd4 35. Bd1
Bc6 36. b5 Bb7 37. g4 Kg8 38. Kf2 Kf7 39. h4 Re7 40. h5 h6 41. Kg3 Re5 42. Kf4
Rce8 43. Ng2 Kf6 44. Re3 Rc8 45. Rfe1 Rxc4 46. Kg3 Rcc5 47. Nh4 Rxe3 48. Rxe3
Re5 49. Rd3 Rd5 50. Re3 Re5 51. Rxe5 dxe5 52. Bxa4 Ne2+ 53. Kf2 Nc3 54. Bb3 Nxb5
55. a4 Nc3 56. Ng2 Bc6 57. Ne3 Bxa4 58. Bxa4 Nxa4 59. Nd5+ Kf7 60. Ke3 Nc5 61.
Nxb6 Ke7 62. Nd5+ Kf7 63. Nb4 Kf6 64. Nd5+ Kf7 65. Nc3 Ke7 66. Ne4 Nb3 67. Kd3
Nd4 68. Nd2 Kf6 69. Ke4 Ne2 70. Nb1 Nd4 71. Nc3 Kf7 72. f4 Ke8 1-0

[Event "24th ch-EUR Indiv 2024"]
[Site "Petrovac MNE"]
[Date "2024.11.08"]
[Round "1.125"]
[White "Yalcinkaya, Efe"]
[Black "Akbas, Umut Ata"]
[Result "1-0"]
[BlackTitle "IM"]
[WhiteElo "2117"]
[BlackElo "2466"]
[WhiteFideId "44506619"]
[BlackFideId "44572646"]
[EventDate "2024.11.08"]

1. e4 c5 2. Nf3 d6 3. d4 cxd4 4. Nxd4 Nf6 5. Nc3 Nc6 6. Bg5 e6 7. Qd3 Bd7 8.
O-O-O a6 9. Qg3 Qc7 10. Be2 Be7 11. f4 h6 12. Bh4 g5 13. fxg5 Rg8 14. Nxc6 Bxc6
15. Qd3 Nd7 16. Bg3 Rxg5 17. Rhf1 Ne5 18. Qd4 O-O-O 19. Qa7 Rf8 20. Qa8+ Kd7 21.
Qa7 f6 22. Rd2 Rfg8 23. Kb1 h5 24. Rdd1 Kc8 25. a3 Bd7 26. Qd4 Qc5 27. Qd2 Qc6
28. Qd4 Qc5 29. Qd2 Kb8 30. Bf2 Qa5 31. g3 Nc6 32. Be3 R5g7 33. Bf4 Ne5 34. Qd4
Rh7 35. Be3 Nc6 36. Qd2 h4 37. gxh4 Rxh4 38. Rg1 Rgh8 39. Rg7 Qd8 40. Bf4 Ne5
41. Rdg1 Bc6 42. Qe3 R4h7 43. Rxh7 Rxh7 44. Bg3 Bd7 45. Bf2 Nc6 46. h4 Rh8 47.
h5 Be8 48. Qh3 Bf7 49. h6 Bf8 50. h7 Qe7 51. Bc4 Be8 52. Rg8 Rxh7 53. Qxe6 Ne5
54. Qxe7 Rxe7 55. Rxf8 Nxc4 56. Nd5 Re6 57. Nxf6 Nd2+ 58. Ka2 Rxf6 59. Rxf6 Nxe4
60. Rf8 Kc7 61. Rxe8 Nxf2 62. Kb3 Kd7 63. Re2 Ng4 64. Kc4 Kc6 65. Kd4 Nf6 66. a4
a5 67. Re6 Nd7 68. Re8 b6 69. Rc8+ Kb7 70. Rc4 Nf6 71. Rc3 Nd7 72. Kd5 Nf6+ 73.
Ke6 Ne4 74. Rc4 Nd2 75. Rd4 Nf3 76. Rxd6 Kc7 77. Rd3 Ng5+ 78. Kd5 Nf7 79. Rg3 1-0

[Event "24th ch-EUR Indiv 2024"]
[Site "Petrovac MNE"]
[Date "2024.11.08"]
[Round "1.126"]
[White "Stoyanov, Tsvetan"]
[Black "Ceyhan, Mert"]
[Result "1-0"]
[WhiteTitle "IM"]
[WhiteElo "2465"]
[BlackElo "2114"]
[WhiteFideId "2917173"]
[BlackFideId "44515820"]
[EventDate "2024.11.08"]

1. e4 c5 2. Nf3 g6 3. c3 Nc6 4. d4 d5 5. e5 cxd4 6. cxd4 Bg4 7. Bb5 Qb6 8. Nc3
e6 9. O-O Bg7 10. Bxc6+ Qxc6 11. h3 Bxf3 12. Qxf3 h6 13. Bd2 Ne7 14. Rac1 Qa6
15. b4 Nf5 16. b5 Qb6 17. Be3 O-O 18. g4 Ne7 19. Qe2 Rfc8 20. Na4 Qd8 21. Qd2
Kh7 22. Nc5 Rc7 23. f4 Rac8 24. Kg2 Qe8 25. a4 b6 26. Nd3 a6 27. bxa6 Rxc1 28.
Rxc1 Rxc1 29. Nxc1 Qxa4 30. Qa2 Qxa2+ 31. Nxa2 Nc6 32. Bd2 Bf8 33. Kf2 Be7 34.
Bb4 Bxb4 35. Nxb4 Na7 36. Ke3 Kg7 37. f5 Kf8 38. f6 Ke8 39. Kd2 Kd7 40. Kc2 Nb5
41. Kd3 Na7 42. h4 Nb5 43. h5 g5 44. Nc2 Ke8 45. Ne1 Na7 46. Nf3 Kf8 47. Kc3 Nc6
48. Kb3 Na7 49. Ka4 Kg8 50. Nd2 Kf8 51. Nb1 Ke8 52. Nc3 Kd7 53. Nb5 Nxb5 54.
Kxb5 Kc7 55. a7 Kb7 56. a8=Q+ Kxa8 57. Kc6 b5 58. Kd7 b4 59. Ke7 b3 60. Kxf7 b2
61. Kg8 b1=Q 62. f7 Qe4 63. f8=Q+ Ka7 64. Qe7+ Kb8 65. Qd6+ Ka8 66. Qxe6 Qxd4
67. Qe8+ Kb7 68. e6 Qc4 69. Qf7+ Kc8 70. e7 1-0

[Event "24th ch-EUR Indiv 2024"]
[Site "Petrovac MNE"]
[Date "2024.11.08"]
[Round "1.127"]
[White "Odabasi, Ruzgar"]
[Black "Zanan, Evgeny"]
[Result "0-1"]
[BlackTitle "GM"]
[WhiteElo "2114"]
[BlackElo "2463"]
[WhiteFideId "51604787"]
[BlackFideId "24101940"]
[EventDate "2024.11.08"]

1. d4 Nf6 2. c4 e6 3. Nc3 Bb4 4. Qc2 d6 5. e4 c5 6. d5 exd5 7. exd5 b5 8. Nf3
O-O 9. Be2 bxc4 10. Bxc4 Re8+ 11. Be3 Ba6 12. Bxa6 Nxa6 13. Rd1 Nc7 14. O-O h6
15. Qf5 Qc8 16. Nh4 Re5 17. Qf3 Bxc3 18. bxc3 Rh5 19. g3 Qh3 20. Qg2 Qg4 21. f4
Re8 22. h3 Qd7 23. Bf2 Rxd5 24. c4 Rxd1 25. Rxd1 Qa4 26. Rxd6 Ne4 27. Rd3 Qxc4
28. Re3 Nd5 29. Re1 Ndf6 30. Be3 Qc3 31. Re2 Qa1+ 32. Kh2 Nc3 33. Rb2 Nd1 0-1

[Event "24th ch-EUR Indiv 2024"]
[Site "Petrovac MNE"]
[Date "2024.11.08"]
[Round "1.128"]
[White "Gharibyan, Mamikon"]
[Black "Bashylina, Luisa"]
[Result "1-0"]
[WhiteTitle "GM"]
[BlackTitle "WFM"]
[WhiteElo "2462"]
[BlackElo "2105"]
[WhiteFideId "13308300"]
[BlackFideId "12983292"]
[EventDate "2024.11.08"]

1. Nf3 Nf6 2. c4 g6 3. Nc3 d5 4. cxd5 Nxd5 5. Qb3 Nb6 6. d4 Bg7 7. e4 Bg4 8.
Bb5+ c6 9. Ng5 O-O 10. Be2 Bxe2 11. Nxe2 h6 12. Nf3 N8d7 13. Be3 Re8 14. Rd1 Nf6
15. Ne5 e6 16. f3 Qe7 17. O-O Rad8 18. a4 Nc8 19. Nc4 b6 20. Ne5 Qb7 21. Rc1 Ne7
22. Nf4 Qc8 23. Rc2 g5 24. Ne2 Nd7 25. Nc4 Qc7 26. f4 c5 27. fxg5 cxd4 28. Nxd4
Nc5 29. Nb5 Qc6 30. Bxc5 Qxc5+ 31. Kh1 Qxg5 32. Rcf2 Rf8 33. Nxa7 Rd4 34. Qc2
Qc5 35. b3 Nc6 36. Nxc6 Qxc6 37. Rf4 b5 38. axb5 Qxb5 39. h3 Rb8 40. R4f3 Rd7
41. Qf2 Rbb7 42. Rg3 Kh8 43. Qf4 Qc5 44. e5 Qd4 45. Qc1 Rbc7 46. Qe1 Ra7 47. Rg4
Qd3 48. Rg3 Qd4 49. Qc1 Rac7 50. Rg4 Qd3 51. Qf4 Qe2 52. Qf3 Qc2 53. Rg3 Ra7 54.
Qg4 Qh7 55. Rgf3 Qc2 56. Rg3 Qh7 57. Re1 Rd5 58. Kh2 h5 59. Qh4 Bh6 60. Nd6 Rc7
61. Qf6+ 1-0

[Event "24th ch-EUR Indiv 2024"]
[Site "Petrovac MNE"]
[Date "2024.11.08"]
[Round "1.130"]
[White "Babazada, Khazar"]
[Black "Willim, Michael"]
[Result "1-0"]
[WhiteTitle "IM"]
[WhiteElo "2459"]
[BlackElo "2102"]
[WhiteFideId "13413554"]
[BlackFideId "4632435"]
[EventDate "2024.11.08"]

1. e4 e5 2. Nf3 Nc6 3. Bb5 a6 4. Ba4 Nf6 5. d4 exd4 6. O-O Be7 7. e5 Ne4 8. Nxd4
Nc5 9. Nf5 g6 10. Nxe7 Qxe7 11. Nc3 O-O 12. Nd5 Qxe5 13. Re1 Qd4 14. Bh6 Qxa4
15. Bxf8 Ne6 16. Bh6 Qa5 17. c3 1-0

[Event "24th ch-EUR Indiv 2024"]
[Site "Petrovac MNE"]
[Date "2024.11.08"]
[Round "1.131"]
[White "Bognar, Csaba Dr."]
[Black "Willow, Jonah B"]
[Result "0-1"]
[WhiteTitle "FM"]
[BlackTitle "IM"]
[WhiteElo "2101"]
[BlackElo "2454"]
[WhiteFideId "709760"]
[BlackFideId "438804"]
[EventDate "2024.11.08"]

1. d4 Nf6 2. c4 g6 3. Nc3 Bg7 4. e4 d6 5. f3 O-O 6. Be3 Nc6 7. Qd2 a6 8. Bd3 e5
9. Nge2 Ng4 10. fxg4 exd4 11. g5 dxe3 12. Qxe3 Ne5 13. Rd1 c6 14. h3 b5 15. c5
dxc5 16. Bxb5 Qb6 17. Bd3 Qxb2 18. Qxc5 Rd8 19. Bc4 Be6 20. Bxe6 Rxd1+ 21. Kxd1
fxe6 22. Ke1 Nd3+ 0-1

[Event "24th ch-EUR Indiv 2024"]
[Site "Petrovac MNE"]
[Date "2024.11.08"]
[Round "1.132"]
[White "Fromm, Marius"]
[Black "Coursaget, Nicolas"]
[Result "1-0"]
[WhiteTitle "IM"]
[BlackTitle "FM"]
[WhiteElo "2452"]
[BlackElo "2101"]
[WhiteFideId "12993190"]
[BlackFideId "610127"]
[EventDate "2024.11.08"]

1. e4 c5 2. Nf3 Nc6 3. Bb5 e6 4. Bxc6 bxc6 5. d3 Ne7 6. h4 h5 7. e5 Ng6 8. Nbd2
d6 9. exd6 Bxd6 10. Nc4 Be7 11. Qe2 f6 12. Qe4 Kf7 13. Bd2 Qd5 14. O-O-O e5 15.
b3 Be6 16. Rde1 Rab8 17. g3 Rhd8 18. Ba5 Rd7 19. Qe3 Rdb7 20. Bc3 Bd8 21. Nfd2
Bc7 22. Ne4 Ne7 23. Qe2 g6 24. f4 exf4 25. Nxf6 Qf5 26. Ne4 Nd5 1-0

[Event "24th ch-EUR Indiv 2024"]
[Site "Petrovac MNE"]
[Date "2024.11.08"]
[Round "1.133"]
[White "Baghirov, Orkhan"]
[Black "Schneider, Ilja"]
[Result "0-1"]
[BlackTitle "IM"]
[WhiteElo "2097"]
[BlackElo "2451"]
[WhiteFideId "13433369"]
[BlackFideId "4663306"]
[EventDate "2024.11.08"]

1. d4 Nf6 2. c4 e6 3. g3 c5 4. d5 exd5 5. cxd5 d6 6. Nc3 g6 7. Bg2 Bg7 8. Nf3
O-O 9. O-O Re8 10. Bf4 h6 11. Qc1 g5 12. Be3 Bf5 13. h4 g4 14. Nd2 Rxe3 15. fxe3
Bg6 16. Nc4 Qe7 17. Nb5 Ne8 18. e4 a6 19. Nb6 axb5 20. Nxa8 Qd8 21. a4 bxa4 22.
Rxa4 Na6 23. e5 Qxa8 24. Rxg4 dxe5 25. Rxg6 fxg6 26. Qc2 Nac7 27. d6 Nxd6 28.
Qxg6 Qd8 29. g4 Nde8 30. g5 Qd4+ 31. e3 Qxe3+ 32. Kh1 Qg3 33. Qf7+ Kh8 34. Qh5
e4 35. Rf7 Nd6 36. Re7 Nf5 37. Rxe4 Qd6 38. Qg4 Ng3+ 39. Kg1 Nxe4 40. Bxe4 Ne6
41. gxh6 Bxh6 42. Qg6 Be3+ 43. Kh1 Qd1+ 44. Kh2 Qd2+ 45. Kg3 Qf2+ 46. Kg4 Qg1+
47. Kf5 Qxg6+ 48. Kxg6 b5 49. Kf6 Nd4 50. Ke5 Kg7 51. Kd5 Nb3 52. Kc6 b4 53. Bd5
Nd2 54. b3 Kg6 55. Kb5 Kh5 56. Bf7+ Kxh4 57. Bg8 Kg3 58. Bf7 Kf4 59. Bg8 Ke4 60.
Bf7 Kd4 61. Bg8 Kc3 62. Ka4 Bh6 63. Bf7 Bf8 64. Bg8 Nxb3 65. Bxb3 c4 66. Bd1 Kd2 0-1

[Event "24th ch-EUR Indiv 2024"]
[Site "Petrovac MNE"]
[Date "2024.11.08"]
[Round "1.134"]
[White "Levin, Guy"]
[Black "Giacomini, Hector"]
[Result "1-0"]
[WhiteTitle "IM"]
[WhiteElo "2445"]
[BlackElo "2095"]
[WhiteFideId "2824213"]
[BlackFideId "605352"]
[EventDate "2024.11.08"]

1. c4 e6 2. Nf3 d5 3. e3 Nf6 4. Nc3 Be7 5. b3 O-O 6. Bb2 c5 7. cxd5 Nxd5 8. Qc2
Nc6 9. h4 Bd7 10. Ng5 f5 11. a3 Nb6 12. Be2 Rc8 13. g4 Nd4 14. exd4 cxd4 15.
gxf5 dxc3 16. fxe6 cxd2+ 17. Qxd2 Bxg5 18. hxg5 Bxe6 19. Bd4 Qd5 20. Rh4 Qxb3
21. g6 hxg6 22. Rh8+ Kf7 23. Rh7 Rg8 24. Qh6 Ke8 25. Bxg7 Bf7 26. Rd1 Nd5 27.
Qg5 Nc3 28. Qe3+ Qe6 29. Qxe6+ Bxe6 30. Bxc3 Rxc3 31. Bb5+ Rc6 32. Rxb7 Bf5 1-0

[Event "24th ch-EUR Indiv 2024"]
[Site "Petrovac MNE"]
[Date "2024.11.08"]
[Round "1.135"]
[White "Rama, Lorenc"]
[Black "Camlar, Arda"]
[Result "0-1"]
[WhiteTitle "FM"]
[BlackTitle "FM"]
[WhiteElo "2086"]
[BlackElo "2445"]
[WhiteFideId "4700171"]
[BlackFideId "44576692"]
[EventDate "2024.11.08"]

1. Nf3 Nf6 2. b3 d5 3. Bb2 Bf5 4. g3 e6 5. Bg2 c5 6. O-O Nc6 7. d3 Be7 8. Nh4
Bg4 9. h3 Bh5 10. g4 Bg6 11. Nd2 Qc7 12. e3 O-O-O 13. Nxg6 hxg6 14. Qe2 Bd6 15.
Rfd1 d4 16. c4 Nh7 17. Nf3 Ne5 18. Nxe5 Bxe5 19. f4 Bd6 20. Rf1 g5 21. b4 dxe3
22. bxc5 Qxc5 23. d4 Qc7 24. f5 Bh2+ 25. Kh1 Bf4 26. fxe6 Nf6 27. d5 fxe6 28.
Bxf6 gxf6 29. dxe6 Rd2 30. Qf3 Qc6 31. Rae1 Qxf3 32. Rxf3 Kd8 33. Rfxe3 Bxe3 34.
Rxe3 Ke7 35. Ra3 a6 36. Rb3 Kxe6 37. Bxb7 Rxa2 38. Re3+ Kd6 39. Rf3 Kc7 40. Bd5
Re8 41. Rf1 Re3 42. Bg2 Rg3 0-1

[Event "24th ch-EUR Indiv 2024"]
[Site "Petrovac MNE"]
[Date "2024.11.08"]
[Round "1.136"]
[White "Sedlak, Nikola"]
[Black "Pirvulescu, Ekaterina"]
[Result "1-0"]
[WhiteTitle "GM"]
[BlackTitle "WFM"]
[WhiteElo "2444"]
[BlackElo "2086"]
[WhiteFideId "922900"]
[BlackFideId "13506374"]
[EventDate "2024.11.08"]

1. Nf3 c5 2. b3 d6 3. c4 e5 4. e3 g6 5. Bb2 Bg7 6. d3 Ne7 7. Be2 O-O 8. Nc3 Nbc6
9. a3 d5 10. cxd5 Nxd5 11. Qc2 Nde7 12. O-O h6 13. Rac1 Be6 14. Ne4 b6 15. Ned2
Rc8 16. Nc4 Qc7 17. Qb1 g5 18. b4 g4 19. Ne1 b5 20. Nd2 cxb4 21. axb4 f5 22. Nc2
Qd6 23. Rfd1 Nd5 24. Ne4 Qe7 25. Nc5 Bf7 26. Re1 Qg5 27. Bf1 Rfe8 28. Na3 Ndxb4
29. Nxb5 Rcd8 30. Nb7 Rd7 31. N5d6 Rb8 32. Nxf7 Rxf7 33. Nc5 Re7 34. Qa1 Kh8 35.
Na6 Nxa6 36. Rxc6 Nb4 37. Rc5 Rd8 38. Qa5 Rb7 39. Rec1 Nxd3 40. Bxd3 Rxb2 41.
Qxd8+ Qxd8 42. Rc8 Rb8 43. Rxd8+ Rxd8 44. Bxf5 a5 45. g3 a4 46. Rc4 a3 47. Ra4
Bf8 48. Bxg4 Kg7 49. Kg2 Kf6 50. Ra6+ Bd6 51. Kf3 Ke7 52. Bf5 Rb8 53. g4 Rb2 54.
h4 Rb8 55. g5 hxg5 56. hxg5 Rb7 57. Be4 Rb8 58. Kg4 Bc5 59. Bd5 Rb6 60. Ra8 Rd6
61. e4 Bxf2 62. Rxa3 Bc5 63. Rf3 Rg6 64. Kh5 Rb6 65. g6 Rb1 66. g7 Rh1+ 67. Kg4
Rg1+ 68. Rg3 1-0